Statistics for NASCAR Cup Winners at Phoenix Raceway

Click here to take the quiz!

General Stats

  • This quiz has been taken 210 times
    (134 since last reset)
  • The average score is 42 of 48

Answer Stats

Year Winner % Correct
2006Kevin Harvick
100%
2003Dale Earnhardt Jr
98%
1990Dale Earnhardt
98%
2005Kyle Busch
98%
2007Jeff Gordon
96%
2005Kurt Busch
96%
2016Joey Logano
94%
2007Jimmie Johnson
94%
2002Matt Kenseth
94%
2010Ryan Newman
85%
1999Tony Stewart
85%
2010Carl Edwards
85%
1993Mark Martin
83%
2000Jeff Burton
79%
1988Alan Kulwicki
79%
1998Rusty Wallace
77%
2012Denny Hamlin
77%
1989Bill Elliott
74%
1997Dale Jarrett
74%
1994Terry Labonte
72%
1991Davey Allison
70%
2011Kasey Kahne
66%
1995Ricky Rudd
55%
1996Bobby Hamilton
36%

Score Distribution

Percentile by Number Answered

Percent of People with Each Score

Your Score History

You have not taken this quiz since the last reset